000
00267nam a22001217a 4500
041
_a
ENG
100
_a
Chitale.S.G
245
_a
A New Approach To Mathematics And Statistics
260
_a
Bombay
_b
Neelkanth Pub
_c
1985
300
_a
280
650
_a
48
856
_u
48
999
_c
3113
_d
3113